Geometry Dash - Most Downloaded 2013 Levels - Statistics

General Stats
  • This quiz has been taken 8 times
  • The average score is 13 of 20
Answer Stats
Publisher Difficulty ID Answer Downloads % Correct
Cody Normal 11940 Level Easy 101,800,000
100%
timeless real Easy Demon 55520 THE LIGHTNING ROAD 85,700,000
100%
Jax Easy Demon 13519 The Nightmare 139,900,000
100%
Cody Hard 3785 1 10,600,000
67%
Cody Harder 8612 5 17,600,000
67%
FunnyGame Auto 24453 auto cycles 18,200,000
67%
Jax Auto 3150 auto play area 56,800,000
67%
IIINePtunEIII Hard 61982 Back on Track v2 20,300,000
67%
IIINePtunEIII Insane 79275 Cant let go v2 16,400,000
67%
M2coL Easy Demon 10109 demon park 26,600,000
67%
IIINePtunEIII Insane 87960 Jumper v2 16,100,000
67%
IIINePtunEIII Hard 65106 Polargeist v2 19,800,000
67%
IIINePtunEIII Normal 59767 stereo madness v2 28,600,000
67%
Jax Easy Demon 57730 Super Cycles 20,500,000
67%
TheRealDarnoc Easy Demon 70059 yStep 36,600,000
67%
Jax Auto 46355 Auto jumping Area 11,000,000
33%
Phenoix Easy 1729 DARKNESS 22,200,000
33%
TheRealDarnoc Easy Demon 102765 Hextec Flow 13,100,000
33%
Rabbitical Auto 28750 Space Travel 28,800,000
33%
diamond Hard 61757 square adventure 28,900,000
33%
No matching quizzes found
Score Distribution
Percent of People with Each Score
Percentile by Number Answered
Your Score History
You have not taken this quiz